| 000 | 01036pab a2200169 454500 | ||
|---|---|---|---|
| 008 | 180718b2017 xxu||||| |||| 00| 0 eng d | ||
| 100 | _aRadin, Beryl A. | ||
| 245 | _aUSA and Indian federalisms: similarities and differences (Note) | ||
| 260 | _c2017 | ||
| 300 | _ap.685-689. | ||
| 362 | _aDec | ||
| 520 | _aFederal systems across the globe are full of contradictions. They are both individually unique and yet respond to similar objectives and expectations in a constantly changing environment. This dynamic is illustrated by developments in two large federal systemsラIndia and the USAラthat have tried to deal with dramatic differences within their population as they search for ways to make democratic principles come alive. While differences between the two systems are clear, examining both sets of players and pressures can prove to be useful to students of both settings. - Reprodu | ||
| 650 | _aFederalism - USA | ||
| 650 | _aFederalism - India | ||
| 773 | _aIndian Journal of Public Administration | ||
| 909 | _a116504 | ||
| 999 |
_c116498 _d116498 |
||